|
|
|
|
| LEADER |
00000nam0a2200000 4500 |
| 001 |
294193 |
| 005 |
20231102000653.0 |
| 020 |
|
|
|a RU
|b 84-27086
|
| 035 |
|
|
|a (RuTPU)RU\TPU\book\319248
|
| 090 |
|
|
|a 294193
|
| 100 |
|
|
|a 20150512d1984 km y0rusy5003 ca
|
| 101 |
0 |
|
|a rus
|
| 102 |
|
|
|a RU
|
| 105 |
|
|
|a a z 001zy
|
| 200 |
1 |
|
|a Теоретические основы поисков, разведки и разработки месторождений нефти и газа
|e сборник статей
|f Академия наук СССР (АН СССР), Институт геологии и разработки горючих ископаемых (ИГиРГИ) ; под ред. Н. А. Крылова
|
| 210 |
|
|
|a Москва
|c Наука
|d 1984
|
| 215 |
|
|
|a 286 с.
|c ил.
|
| 320 |
|
|
|a Библиогр. в конце ст.
|
| 606 |
1 |
|
|a Нефтегазоносность
|x Поиски и разведка
|2 stltpush
|3 (RuTPU)RU\TPU\subj\45612
|9 64805
|
| 610 |
1 |
|
|a нефтяные месторождения
|
| 610 |
1 |
|
|a нефтедобыча
|
| 610 |
1 |
|
|a газовые месторождения
|
| 610 |
1 |
|
|a газы природные горючие
|
| 610 |
1 |
|
|a добыча
|
| 610 |
1 |
|
|a эксплуатация
|
| 610 |
1 |
|
|a перспективы
|
| 610 |
1 |
|
|a оценка
|
| 675 |
|
|
|a 553.98:550.8
|z rus
|v 3
|
| 702 |
|
1 |
|a Крылов
|b Н. А.
|g Николай Алексеевич
|4 340
|
| 712 |
0 |
2 |
|a Академия наук СССР (АН СССР)
|b Институт геологии и разработки горючих ископаемых (ИГиРГИ)
|c (Москва)
|c (1958-????)
|2 stltpush
|3 (RuTPU)RU\TPU\col\13483
|
| 801 |
|
0 |
|a RU
|b RuMRKP
|c 19950704
|g psbo
|
| 801 |
|
1 |
|a RU
|b 63413507
|c 20150512
|
| 801 |
|
2 |
|a RU
|b 63413507
|c 20190123
|g RCR
|
| 942 |
|
|
|c BK
|